Radim Jančura: "Verte svojmu snu a tvrdo pracujte na jeho splnení."

Rozhovor s českým podnikateľom a majiteľom spoločnosti STUDENT AGENCY, Radimom Jančurom.

Saved in:
Bibliographic Details
Main Author: Ševčíková, Kamila
Other Authors: Jančura, Radim
Format: Book Chapter
Language:Slovak
Subjects:
Tags: Add Tag
No Tags, Be the first to tag this record!

MARC

LEADER 00000naa a2200000 4500
001 0200319
005 20230912114617.0
041 0 |a slo 
044 |a SK 
245 1 0 |a Radim Jančura: "Verte svojmu snu a tvrdo pracujte na jeho splnení."  |c Kamila Ševčíková, Radim Jančura 
520 |a Rozhovor s českým podnikateľom a majiteľom spoločnosti STUDENT AGENCY, Radimom Jančurom. 
610 2 0 |a rozhovor 
610 2 0 |a podnikatelia 
610 2 0 |a stratégia podnikateľská 
610 2 0 |a kultúra podnikania 
610 2 0 |a prostredie podnikateľské 
610 2 0 |a efektívnosť podnikania 
100 1 |a Ševčíková, Kamila 
700 1 |a Jančura, Radim